Psych final study game Quiz Stats

Quiz not verified by Sporcle

Challenge
Share
Tweet
Embed
Score 0/23 Timer 10:00
0 Plays Today
hint answer % Correct
Internal motivation, the act is rewarding.intrinsic
80%
External motivation, consequence of activity. extrinsic
80%
fear of obesity, disturbanceof body image, 85% of natural weight, refusal to maintain minimal body weight, absence of 3 menstral cycles.anorexia
60%
1st level in Maslow's Hierachy of needs self actualization
40%
recurring binge eating, inappropriate weight gain prevention, (vomiting, laxitives,) bad breath, bry cracked fingers, dammage to esophagus, heart problems, causes sterility.bulimia
40%
2nd level in Maslow's Hierachy of needs self esteem
20%
inborne based on genetics, reasoning memory processingspeed fluid
20%
3rd level in Maslow's Hierachy of needs social affiliation
0%
4th level in Maslow's Hierachy of needs personal safety
0%
5th level in Maslow's Hierachy of needs physiological
0%
he thought there were 8 basic emothions: fear, surprise, sadness, disgust, anger, anticipation, joy, acceptance. Plutchik
0%
perception of situation = emotioncognitive theory
0%
hint answer % Correct
emotions & biological changes & emotions happen simultaneosly. cannon - bard theory
0%
physiological changes cause emotions james lange theory
0%
the original gcharles spearman
0%
education, experierence acquired knowledge/ skill crystallized intelligence
0%
street smart contextual
0%
book smartcompenential
0%
projective test rorsarch tests
0%
binet - simon scale determines mental age
0%
this type of parent lets you do whatever you want permisive
0%
this type of parent uses the excuse because I said so authoritarian
0%
this type of parent says i have rules, they will be followed, but we will sit and talk about them authoriative
0%

You're not logged in!

Compare scores with friends on all Sporcle quizzes.
Sign Up with Email
OR
Log In

You Might Also Like...

Show Comments

Extras

Top Quizzes Today


Score Distribution

Your Account Isn't Verified!

In order to create a playlist on Sporcle, you need to verify the email address you used during registration. Go to your Sporcle Settings to finish the process.